Vista normal
Vista MARC
Entrada Personal Name
Número de registros utilizados en: 1
001 - CONTROL NUMBER
- control field: 38283
003 - CONTROL NUMBER IDENTIFIER
- control field: OSt
005 - DATE AND TIME OF LATEST TRANSACTION
- control field: 20230915232043.0
008 - FIXED-LENGTH DATA ELEMENTS
- fixed length control field: 230915|| aca||aabn | a|a d
040 ## - CATALOGING SOURCE
- Original cataloging agency: OSt
- Transcribing agency: OSt
100 ## - HEADING--PERSONAL NAME
- Personal name: Mora Rodríguez, Ricardo
670 ## - SOURCE DATA FOUND
- Source citation: Work cat.: (OSt)32760: Mora Rodríguez, Ricardo, Fisiología del deporte y el ejercicio prácticas de campo y laboratorio Ricardo Mora Rodríguez, España Editorial Médica PanAméricana c2010.